Statystyki dla Krzysztof Kononowicz i uniwersum Szkolnej 17 cz.1

Kliknij tutaj aby rozwiązać quiz!

Ogólne statystyki

  • Ten quiz został rozwiązany 1 041 razy
  • Średni wynik to 10 z 14

Statystyki odpowiedzi

HintOdpowiedź% Poprawnych
W którym roku Krzysztof Kononowicz startował w wyborach na prezydenta Białegostoku?2006
92%
W którym roku wybudowany został płot, który zapoczątkował "aferę płotową"?2017
89%
W jakiej miejscowości znajduje się szpital psychiatryczny, w którym umarł brat Krzysztofa Kononowicza?Choroszcz
88%
Co było zawartością legendarnej paczki rzekomo nadanej przez sąsiada Krzysztofa Kononowicza "Kargula"?Gowno
84%
Ulubiona używka Majora?Rozpuszczalnik
84%
Gdzie według legendy Krzysztof Kononowicz ukrywał zwłoki matki?Strych/Poddasze
77%
Jak nazywał się pies Krzysztofa Kononowicza?Nero
76%
Z jakiej krainy geograficznej pochodzi Krzysztof Kononowicz?Warmia
76%
Ulubione piwo redaktora "Mexicano"?Żubr
75%
Jak miała na imię matka Krzysztofa Kononowicza?Leonarda
68%
Kogo zagrał Kononowicz we filmie "Ciacho"?Prokurator
68%
Jak na imię ma redaktor "Mexicano"?Jarosław
66%
Jak nazywa się dzielnica, na której mieści się dom bohaterów uniwersum?Starosielce
57%
Jak nazywa się instytucja, która zaopatrywała bohaterów uniwersum w węgiel?MOPS
49%

Rozkład punktacji

Percentyl według liczby udzielonych odpowiedzi

Procent ludzi z każdym wynikiem

Twoja historia wyników

Nie rozwiązałeś tego quizu